Luces equidistantes. Enrique Lihn y las artes visuales.
Gespeichert in:
| 1. Verfasser: | |
|---|---|
| Format: | Unbekannt |
| Veröffentlicht: |
Viña del Mar, Chile:
Ediciones Mundana,
2022.
|
| Schlagworte: | |
| Tags: |
Tag hinzufügen
Keine Tags, Fügen Sie den ersten Tag hinzu!
|
MARC
| LEADER | 00000 a2200000 4500 | ||
|---|---|---|---|
| 003 | CL-VaPUC | ||
| 005 | 20240703145722.0 | ||
| 008 | 230116t2022 ||||| |||| 00| 0 eng d | ||
| 999 | |c 439910 |d 439908 | ||
| 020 | |a 97895662028 | ||
| 040 | |c Pontificia Universidad Católica de Valparaíso | ||
| 082 | |2 22 |a 709.83 RIS 2022 | ||
| 100 | |a Risco, Ana María |9 557048 |e autora | ||
| 245 | |a Luces equidistantes. |b Enrique Lihn y las artes visuales. | ||
| 260 | |a Viña del Mar, Chile: |b Ediciones Mundana, |c 2022. | ||
| 300 | |a 121 páginas. | ||
| 583 | |k Catalogador Asistente |c 20230116 | ||
| 600 | 0 | |9 860652 |a Lihn Carrasco, Enrique, |d 1929-1988 |v Crítica |x Artes visuales |z Santiago, Chile | |
| 650 | 0 | |9 314877 |a Historia del arte |v Análisis crítico |x Siglo 20 |z Chile | |
| 650 | 0 | |9 879967 |a Crítica del arte |y Siglo 20 |z Chile | |
| 650 | 0 | |a Arte chileno |y Siglo 20 |v Ensayos |9 459886 | |
| 942 | |2 ddc |c BK | ||
| 952 | |0 0 |1 0 |2 ddc |4 0 |6 709_830000000000000_RIS_2022 |7 0 |8 A |9 588634 |a BIBART |b BIBART |c GEN |d 2023-01-13 |e 135 |g 12000.00 |i 5656414 |o 709.83 RIS 2022 |p 5656414 |r 2025-03-13 |t 1 |v 12000.00 |w 2023-01-13 |y BK |k ART | ||
| 952 | |0 0 |1 0 |2 ddc |4 0 |6 709_830000000000000_RIS_2022 |7 0 |8 A |9 588635 |a BIBART |b BIBART |c GEN |d 2023-01-13 |e 135 |g 12000.00 |i 5656415 |o 709.83 RIS 2022 |p 5656415 |r 2025-03-13 |t 2 |v 12000.00 |w 2023-01-13 |y BK |k ART | ||